000 00306nam a2200121Ia 4500
008 220120s9999||||xx |||||||||||||| ||und||
082 _a823 FOL
100 _aFollett, Ken
_911960
245 4 _aThe man from st.petersburg
260 _aSignet
_bMysore
_c1982
300 _a130p.
_b25
650 _aGENERAL BOOKS
999 _c137507
_d137507